00759nab a2200217 uc450000100070000000500170000700800410002403500110006503500210007604000130009704100080011010000360011824500830015465000350023765000560027265000380032865000400036677301060040694200100051299900190052284967420240201190634.0031010s2000 eng  a849674 a(OCoLC)820080581 ccomduadb aeng10aSahai, Hardeo4auteaut938144510aA comparison of approximations to percentiles of teh noncentral t distribution 7aSeries de Taylor2embne971271 aDistribución (Teoría de la probabilidad)936326 aDistribucion t noncentral9127215 aPercentiles (Estadística)91275750 tInvestigación Operacional (La Habana)gVol. 21, No. 02, 2000, p. 121-144w508470x0257-43060122068 cARIMP c296968d296968